00969 2200313 4500001002100000005001500021035002000036007000300056008004100059020002200100082001600122084001800138100002400156245011300180250003500293300004700328650001600375700002400391504003200415264003400447336002100481337003000502338002300532040002200555090002200577850001200599999002200611990002200633INLIS00000000087539720221117100017 a0010-1122000353ta221117s2021 yoia g ind d a978-623-261-377-504223a006.312 a006.312 AMI c0 aAmir AliePengarang10aClustering data antropometri balita :bdengan menggunakan algoritma K-Means /cAmir Ali; penyunting, Alviana aCetakan pertama, Desember 2021 aviii, 66 halaman :bgambar, tabel ;c23 cm 4aData mining0 aAlvianaePenyunting aBibliografi : halaman 61-6331aBantul :bSamudra Biru,c2021 2rdacontentateks 2rdamediaatanpa perantara 2rdacarrieravolume aYOPDYOGbinderda aCB-D.11 2021-3814 aYOPDYOG aCB-D.11/2021-3814 aCB-D.11/2021-3814